|
|
|
|
| LEADER |
01510nam a2200397Ia 4500 |
| 001 |
EBC3008518 |
| 003 |
MiAaPQ |
| 005 |
20200520144314.0 |
| 006 |
m o d | |
| 007 |
cr cn||||||||| |
| 008 |
030217s2001 enk s 000 0 eng d |
| 020 |
|
|
|z 9781843270973
|
| 020 |
|
|
|z 1843270978
|
| 035 |
|
|
|a (MiAaPQ)EBC3008518
|
| 035 |
|
|
|a (Au-PeEL)EBL3008518
|
| 035 |
|
|
|a (CaPaEBR)ebr2001687
|
| 035 |
|
|
|a (CaONFJC)MIL124078
|
| 035 |
|
|
|a (OCoLC)923623239
|
| 040 |
|
|
|a MiAaPQ
|c MiAaPQ
|d MiAaPQ
|
| 050 |
|
4 |
|a HB501.M48
|b E3 2001 v.1
|
| 082 |
0 |
4 |
|a 335.4/1
|2 22
|
| 100 |
1 |
|
|a Marx, Karl,
|d 1818-1883.
|
| 245 |
1 |
0 |
|a Capital
|h [electronic resource] :
|b a critique of political economy.
|n Vol. I, Book one,
|p The process of production of capital /
|c Karl Marx ; translated from the third German edition by Samuel Moore and Edward Aveling ; edited by Frederick Engels.
|
| 260 |
|
|
|a London :
|b Electric Book Co.,
|c c2001.
|
| 300 |
|
|
|a 1134 p.
|
| 500 |
|
|
|a Cover title : Capital, Volume I.
|
| 533 |
|
|
|a Electronic reproduction. Ann Arbor, MI : ProQuest, 2015. Available via World Wide Web. Access may be limited to ProQuest affiliated libraries.
|
| 650 |
|
0 |
|a Capital.
|
| 650 |
|
0 |
|a Economics.
|
| 650 |
|
0 |
|a Socialism.
|
| 655 |
|
4 |
|a Electronic books.
|
| 700 |
1 |
|
|a Aveling, Edward B.,
|d 1849-1898.
|
| 700 |
1 |
|
|a Engels, Friedrich,
|d 1820-1895.
|
| 700 |
1 |
|
|a Moore, Samuel.
|
| 710 |
2 |
|
|a ProQuest (Firm)
|
| 856 |
4 |
0 |
|u https://ebookcentral.proquest.com/lib/matrademy/detail.action?docID=3008518
|z Click to View
|